• 首页
  • 本馆介绍
  • 公告通知
  • 最新文献
  • 馆藏检索
  • 电子资源
  • 读者荐购
  • 参考咨询
  • CALIS
  • 我的图书馆
  • 登录
  • 详细信息显示
  • 放入我的书架
  • 预约/预借图书
  • 作者相关作品
  • 分类相关作品
  • 丛书相关作品
  • 出版社相关作品

书目信息

  • 表格格式
  • 工作单格式
  • 卡片格式
题名:
谁主沉浮
    
 
作者: 吴因易 著
分册: 上  
出版信息: 北京   团结出版社  2005.01
页数: 382页
开本: 20cm
丛书名:
单 册:
中图分类: I247.5
科图分类:
主题词: 历史小说--中国--当代
电子资源:
ISBN: 7-80130-976-6
 
 
 
 
 
000 00613nam0 2200217 450
001 1035677094
005 20100710100005.43
010    @a7-80130-976-6@dCNY24.00
100    @a20100515d2005 km y0chiy0120 ea
101 0  @achi
102    @aCN@b110000
105    @ay z 000yy
200 1  @a谁主沉浮@Ashui zhu chen fu@h上@f吴因易著@Fwu yin yi zhu
210    @a北京@c团结出版社@d2005.01
215    @a382页@d20cm
330    @a本书是作者历经3年,删改5次的呕心沥血之作。
606 0  @a历史小说@y中国@z当代
690    @aI247.5@v4
701  0 @a吴因易@Awu yin yi@4著
801  0 @aCN@c20100515
905    @dI247.5@eW900:1@f3
    
    谁主沉浮.上/吴因易著.-北京:团结出版社,2005.01
    382页;20cm
    
    
    ISBN 7-80130-976-6:CNY24.00
    本书是作者历经3年,删改5次的呕心沥血之作。
●
相关链接 在E读中查询图书 在当当中查询图书 在豆瓣中查询图书


正题名:谁主沉浮     索取号:I247.5/W900:1         预约/预借

序号 登录号 条形码 馆藏地/架位号 状态 备注
1 990525   209905254   文学库108/108文学库 38排1列3层/ [索取号:I247.5/W900:1] 在馆    
2 990526   209905263   文学库108/108文学库 38排1列3层/ [索取号:I247.5/W900:1] 在馆    
3 990527   209905272   文学库108/108文学库 38排1列3层/ [索取号:I247.5/W900:1] 在馆    
河南城建学院图书馆 欢迎您!
大连网信软件有限公司© 版权所有